Countries Who Spent The Most Money On Military - Statistics

General Stats
  • This quiz has been taken 30 times
  • The average score is 8 of 10
Answer Stats
Hint Answer % Correct
237 billion China
100%
52.7 billion France
96%
61 billion Russia
96%
59 billion United Kingdom
96%
72 billion India
92%
49 billion Japan
88%
45 billion South Korea
88%
52.8 billion Germany
84%
57 billion Saudi Arabia
56%
750 billon America
32%
No matching quizzes found
Score Distribution
Percent of People with Each Score
Percentile by Number Answered
Your Score History
You have not taken this quiz